| 000 | 00721nam a2200253 4500 | ||
|---|---|---|---|
| 001 | 44893 | ||
| 010 | _a9789727992607 | ||
| 021 | _b313211/10 | ||
| 090 | _a44893 | ||
| 100 | _a20110628d2010 e y0pory5003 ba | ||
| 101 | 0 | _apor | |
| 102 | _aPT | ||
| 200 | 1 |
_aMemorial do convento _eanálise de obra de José Saramago _fAna Maria Lucas, Fátima Vieira Correia |
|
| 205 | _a1.ª ed. | ||
| 210 | 9 |
_aAlfragide _cSebenta, _d2010 |
|
| 215 |
_a132 p. _cil. _d30 cm |
||
| 225 | 2 | _aEnsino secundário | |
| 604 |
_aSaramago, _t-Memorial do convento |
||
| 675 | _a82.09(07) | ||
| 700 | 1 |
_aLucas, _bAna Maria |
|
| 701 | 1 |
_aCorreia, _bFátima Vieira _4070 |
|
| 702 | 1 |
_aSaramago, _bJosé, _f1922-2010 _4100 |
|
| 801 | 0 |
_aPT _bBN _gRPC |
|
| 990 | _cLIVROS | ||